| 000 | 00443nam a2200205Ia 4500 | ||
|---|---|---|---|
| 999 |
_c924 _d924 |
||
| 003 | 0100 | ||
| 008 | 130227s9999 xx 000 0 und d | ||
| 040 | _cARRUPELIB | ||
| 050 | _aDT426.H88 | ||
| 100 |
_aHuxley, Elspeth _930610 |
||
| 245 | _aForks and hope | ||
| 245 | _ban African notebook | ||
| 260 |
_bChatto & Windus _aLondon _c1964 |
||
| 300 | _a272p. | ||
| 300 | _b 23 cm | ||
| 650 |
_aKenya _xDescription and travel _930611 |
||
| 650 |
_aUganda _xDescription and travel _930612 |
||
| 650 |
_aTanganyika _xDescription and travel _930613 |
||
| 942 |
_2lcc _cMONOGRAPH |
||